| 000 | 00555nam a2200193Ia 4500 | ||
|---|---|---|---|
| 005 | 20250508160110.0 | ||
| 008 | 008 250505s9999 xx 000 0 eng d | ||
| 037 | _aTextual | ||
| 040 |
_aFEDL _beng _cFEDL |
||
| 041 |
_aeng _2eng |
||
| 084 |
_a371.26, GOL _qFEDL |
||
| 100 | _aGoldman Leo | ||
| 245 | 0 | _aUsing tests in counseling | |
| 260 |
_aNew York, USA _bAppleton - Century - Crofts _c1961 |
||
| 300 | _axviii,434p | ||
| 650 |
_aEducational -Tests Measurement _9757492 |
||
| 942 |
_cTEXL _h371.26, GOL |
||
| 999 |
_c1361702 _d1361702 |
||